| 000 | 00737nam a2200181 i 4500 | ||
|---|---|---|---|
| 001 | 151261 | ||
| 003 | ES-MaACL | ||
| 005 | 20230906203922.0 | ||
| 007 | t| | ||
| 008 | 071220s1888 sp be |||| | spa d | ||
| 100 | 1 |
_aChichón, Rafael. _9126482 |
|
| 245 | 1 | 0 |
_aBarcelona y la Exposición Universal _b: (guía económica) / _cpor Rafael Chichón. |
| 260 |
_aBarcelona : _b[s.n., _c1888?] ( _fImp. de los Sucesores de N. Ramírez) |
||
| 300 |
_a175, [20] p., [4] h. pleg., [2] h. de planos pleg. ; _c16 cm. |
||
| 611 | 2 | 4 |
_aExposición Universal (. _d1888. _cBarcelona) _9153421 |
| 852 |
_aES-MaACL _jC-284 _z- Ejemplar falto de portada _z. - Legado Calderón |
||
| 852 |
_aES-MaACL _jR-1933 _x Olim: 288-G-3 _xOlim: G-322 |
||
| 999 |
_c151261 _d151261 |
||